00389 2200157 4500001002100000008004100021035002000062245003800082260003000120300001500150020001500165084001700180082001100197650001000208990001300218INLIS000000000000013 ind  a0010-0921000013 aPerempuan Kembang JepuncLan Fang aJakarta :bGramediac2006 a288c20 cm a9792224041 a808.83 LAN p a808.83 aFiksi aDI. 2131